000
00230nam a22000857a 4500
008
161219b xxu||||| |||| 00| 0 eng d
100
_9
2137
_a
Truyblaini M
245
_a
Little Natalochka and the silver Fish
260
_a
Dnipro
_b
Kiev
_c
1988
999
_c
5017
_d
5017